Music Quiz

Random Music or The Beatles Quiz
Score 0/27 Timer 07:00
0 Plays Today
Track Number Song % Correct
1Love Me Do
97.4%
3She Loves You
83.7%
4I Want To Hold Your Hand
82%
2From Me To You
80.6%
6A Hard Days Night
76%
5Can't Buy Me Love
74.6%
10Help!
74%
27The Long Winding Road
74%
26Let It Be
71.7%
9Ticket To Ride
69.7%
8Eight Days A Week
69.4%
12Day Tripper
69.4%
11Yesterday
68.9%
7I Feel Fine
68.3%
Track Number Song % Correct
21Hey Jude
67.4%
25Come Together
66.9%
14Paperback Writer
66.6%
15Yellow Submarine
66.3%
17Penny Lane
66.3%
24Something
66.3%
13We Can Work It Out
64.9%
20Lady Madonna
63.7%
16Eleanor Rigby
63.4%
23The Ballad Of John And Yoko
62.9%
18All You Need Is Love
62%
22Get Back
60.9%
19Hello, Goodbye
57.1%

You're not logged in!

Compare scores with friends on all Sporcle quizzes.
OR
Log In

Sporcle TV

Today on Sporcle TV


Watch our educational content, quiz creation guides, and fun videos on Sporcle TV.

Show Comments

Extras

Top Quizzes Today


Score Distribution

Paid Content

Your Account Isn't Verified!

In order to create a playlist on Sporcle, you need to verify the email address you used during registration. Go to your Sporcle Settings to finish the process.

Report this User

Report this user for behavior that violates our Community Guidelines.

Details: